| 000 | 00900nam a22002177a 4500 | ||
|---|---|---|---|
| 999 |
_c19214 _d19214 |
||
| 003 | AR-CdUCM | ||
| 008 | 190516b ||||| |||| 00| 0 spa d | ||
| 040 |
_aMUNICIPALIDAD PROVINCIAL DEL CUSCO _cBIBLIOTECA MUNICIPAL DEL CUSCO |
||
| 082 |
_a868.52 / _bB34 |
||
| 100 |
_aBécquer, Gustavo Adolfo _96464 |
||
| 245 |
_aDesde mi celda : _bcartas literarias / |
||
| 260 |
_aLima : _bLibr. y Distribuidora Atlas, _c1967. |
||
| 300 |
_a175 páginas ; _bláminas, retrato, _c21 cm. |
||
| 440 |
_aColección Cultura Fundamental. _940422 |
||
| 505 | _aContenido: Desde mi celda -- Otras prosas -- Pensamientos -- La basílica de Santa Leocadia, Toledo -- La arquitectura Árabe en Toledo -- Castillo real de Olite -- Solar de la casa del Cid ... | ||
| 650 |
_aCartas españolas _911922 |
||
| 650 |
_aLiteratura Española _9612 |
||
| 650 |
_aSiglo XX _98 |
||
| 942 |
_2ddc _cLIBROS |
||
| 945 |
_aachl _d2019-05-16 |
||